000 00528nam a2200205Ia 4500
005 20240416155311.0
008 131103s9999 xx 000 0 und d
040 _aLoreto College
041 _aEnglish
082 _a370.15
_bKOL
100 _aKolesnik, Walter B.
245 _aEducational Psychology
_cWalter B. Kolesnik
250 _a2 nd ed.
260 _aNew York
_bMcGraw - Hill
_c1970
300 _axii,531p.
_b ill., chart
504 _aIncludes index
650 _aPsychology
850 _aLCBED
942 _cBK
999 _c26918
_d77397